| 000 | 00669nam a2200205 i 4500 | ||
|---|---|---|---|
| 001 | 148696 | ||
| 003 | ES-MaACL | ||
| 005 | 20250825081725.0 | ||
| 007 | t| | ||
| 008 | 070214s1930 sp |||| | spa d | ||
| 080 | _a070:32(460) | ||
| 100 | 1 |
_aSuárez Rivas, Rafael. _9108652 |
|
| 245 | 1 | 3 |
_aLa política y la Asociación de la Prensa de Madrid _b: explicación de un incidente / _cRafael Suárez Rivas. |
| 260 |
_aMadrid : _b[s. n.], _c1930 ( _fTip. Artística) |
||
| 300 |
_a30 p. ; _c18 cm. |
||
| 650 | 0 | 4 |
_aPrensa y política- _zEspaña. _916374 |
| 710 | 2 |
_aAsociación de la Prensa de Madrid _91608 |
|
| 852 |
_aES-MaACL _j1735-F-3 |
||
| 999 |
_c148696 _d148696 |
||